Architectural Icons of Germany - Statistics

General Stats
  • This quiz has been taken 21 times
  • The average score is 4 of 16
Answer Stats
Picture Answer % Correct
Cologne Cathedral
95%
Neuschwanstein Castle
79%
Elbphilharmonie
47%
Berliner Dom
37%
Speicherstadt
32%
Hohenzollern Castle
26%
Reichstag Building
26%
Romer
26%
Hamburg Town Hall
16%
Mercedes Benz Museum
16%
Dresden Castle
11%
Ulm Minster
11%
Freiburg Cathedral
5%
Asamkirche
0%
Friedrichstadt Palast
0%
Hackeschen Hoefe
0%
No matching quizzes found
Score Distribution
Percent of People with Each Score
Percentile by Number Answered
Your Score History
You have not taken this quiz